[Event "Biel GM"]
[Site "Biel"]
[Date "2006.07.28"]
[Round "5"]
[White "Carlsen, Magnus"]
[Black "Volokitin, Andrei"]
[Result "0-1"]
[WhiteElo "2675"]
[BlackElo "2662"]
[Annotator "Marin,M"]
[PlyCount "64"]
[EventDate "2006.07.24"]
[EventType "tourn"]
[EventRounds "10"]
[EventCountry "SUI"]
[EventCategory "17"]
[SourceTitle "CBM 114"]
[Source "ChessBase"]
[SourceDate "2006.10.02"]
[SourceVersion "1"]
[SourceVersionDate "2006.10.02"]
[SourceQuality "1"]

1. Nf3 Nf6 2. c4 c5 3. Nc3 Nc6 4. d4 cxd4 5. Nxd4 e6 6. g3 Qb6 7. Nb3 Ne5 8. e4
Bb4 9. Qe2 d6 10. f4 Nc6 11. Be3 Bxc3+ 12. bxc3 Qc7 13. Bg2 O-O 14. O-O {
This variation allows White to obtain the pair of bishops and an optically
impressive advantage of space. However, the chronic weakness of the c4-pawn 
(partly caused by the fact that the light-squared bishop has been developed on
another diagonal than f1-d3) offers Black excellent prospects for active
counterplay. This game will not question this general evaluation in any way.}
b6 15. Nd4 {The fact that this logical move (aiming to take advantage that
double pawns generally offer excellent outposts for minor pieces) fails to
solve White's structural problems is a serious signal of alarm for the
adherents of this whole setup.} Nxd4 $1 {This paradoxical move, allowing White
to get rid of the double pawns, but in no way of his weakness on c4, is
probably the simplest way out the opening.} (15... Bb7 {allows White develop
some initiative with} 16. Nb5 {for instance:} Qe7 (16... Qb8 17. Nxd6 $6 {
This leads to premature simplifications.} (17. Rad1 Rd8 18. g4 {looks better
and if} Na5 {then} 19. f5 $1 $36 {taking advantage of the fact that the knight
is far from the e5-square.}) 17... Qxd6 18. e5 Qe7 19. exf6 Qxf6 20. c5 Rac8 {
1/2-1/2 Bui Vinh (2444)-Breder,D (2438)/Budapest 2002/CBM 090 ext (31)}) 17.
Rad1 Rfd8 18. Bc1 $1 {The transfer of the bishop to the a3-f8 diagonal is the
most efficient way of increasing the pressure against the relatively weak
d6-pawn.} (18. Qd3 Ne8 19. Rf2 Na5 20. Nxa7 Rxa7 21. Bxb6 Bc6 22. c5 Rdd7 23.
Bxa7 dxc5 24. Qb1 Rxa7 $15 {0-1 Ostenstad,B (2475)-Dvoirys,S (2525)/Gausdal
1991/TD (41)}) 18... Ne8 (18... a6 {unnecessarily weakens the b6-square. After
the already familiar to us exchange operation} 19. Nxd6 Rxd6 20. Rxd6 Qxd6 21.
e5 Qe7 22. exf6 Qxf6 {White has} 23. Qf2 $14) 19. Ba3 Na5 (19... a6 20. Nxd6 $1
) 20. Rd4 e5 (20... Nc6 21. Rd2 {/\ Rfd1}) 21. fxe5 Qxe5 22. Rfd1 $16 {1-0
Evdokimov,A (2356)-Zarezenko,I (2230)/Cherepovets 2001/EXT 2002 (56). with
strong pressure for White.}) (15... e5 $6 {unnecessarily gives White chances
for a kingside attack.} 16. Nb5 Qe7 17. f5 Bb7 18. Rad1 Rfd8 19. g4 Na5 20. Bc1
h6 21. h4 Nh7 22. g5 hxg5 23. hxg5 Nxg5 24. f6 gxf6 25. Rd3 $40 {1-0 Rotstein,
A (2485)-Schlosser,P (2515)/Vienna 1998/EXT 99 (31)}) 16. cxd4 {White has
built up an impressive pawn centre but Black has won time to attack his
Achile's heel (the c4-pawn). If the d-pawn was placed just one square behind,
on d3, White would enjoy considerable positional advantage, but the way it is
he even has problems maintaining the balance even.} Ba6 17. Rac1 $146 {Judging
from the modest effects produced by this novelty, we can guess that it was
just over-the-board inspiration rather than fruit of thorough home analysis.} (
17. e5 Bxc4 (17... Nd5 $5) 18. Rfc1 Bxe2 19. Rxc7 Nd5 {1/2-1/2 Cvetkovic,S 
(2460)-Lanka,Z (2420)/Trnava 1989/EXT 97}) 17... Rac8 18. e5 {White's problems
consists of the fact that after the elimination of the c4-pawn the chronic
weakness is extended to other light squares in the centre, which can be seen
after} (18. g4 Bxc4 19. Qf3 d5 $1 20. e5 Ne4 {and White's attacking chances
are rather doubtful.}) 18... Nd5 19. Bxd5 {White definitevely gives up the
fight for the light squares for the sake of a rather illusory kingside attack.
In any case, after} (19. exd6 Qxd6 20. Bd2 Ne7 {he would have faced problems
defending his central pawns.}) 19... exd5 20. f5 dxc4 21. f6 g6 22. Qg4 ({
Pelletier:} 22. e6 fxe6 23. Bh6 Rf7 24. Qxe6 Qd7 25. d5 $13) 22... Qc6 $17 {
Black's threats along the h1-a8 diagonal are more realistic than White's plan
to deliver mate on g7.} 23. Rf4 dxe5 24. dxe5 Bb7 25. Qh3 Rfe8 26. Kf2 Rxe5 27.
Rcxc4 Qxc4 28. Rxc4 Rxc4 29. Qd7 Rc2+ 30. Kg1 Bc6 31. Qd4 Rd5 32. Qg4 h5 0-1

[Event "Morelia/Linares 25th"]
[Site "Morelia/Linares"]
[Date "2008.02.22"]
[Round "6"]
[White "Aronian, Levon"]
[Black "Leko, Peter"]
[Result "1/2-1/2"]
[WhiteElo "2739"]
[BlackElo "2753"]
[Annotator "Marin,M"]
[PlyCount "101"]
[EventDate "2008.02.15"]
[EventType "tourn"]
[EventRounds "14"]
[EventCountry "ESP"]
[EventCategory "21"]
[SourceTitle "CBM 123"]
[Source "ChessBase"]
[SourceDate "2008.04.02"]
[SourceVersion "1"]
[SourceVersionDate "2008.04.02"]
[SourceQuality "1"]

1. c4 c5 2. Nf3 Nf6 3. Nc3 Nc6 4. d4 cxd4 5. Nxd4 e6 6. g3 Qb6 {A modern
variation, characterized by very complicated play. Black puts the enemy centre
under pressure immediately, but if White manages to repel this early attack,
the queen might remain exposed and Black in general - underdeveloped.} 7. Ndb5
$5 ({The main alternative is} 7. Nb3) 7... Ne5 {Moving again with an already
developed piece, for the sake of attacking the relatively vulnerable c4-pawn.}
({The developing move} 7... Bc5 {has also been tried frequently. White's best
chance for an advantage is} 8. Bg2 $5 {ignoring the threat against the f2-pawn.
Anticipating a bit, this will be the main theme of White's opening play in the
main game.} ({As I had the occasion to convince myself,} 8. Nd6+ {is fine for
Black after} Ke7 9. Nde4 Nxe4 10. Nxe4 Bb4+ 11. Bd2 {In this variation Black
has problems with the development of his queenside and also especially on the
dark squares. The question is whether his activity can compensate for these
positional disadvantages. In dieser Variante Schwarz hat Probleme mit der
Entwicklung des Damenflügels und besonders auch auf den schwarzen Feldern. Die
Frage ist, ob seine Aktivität diese positionellen Nachteile kompensiert.} d5
12. cxd5 exd5 13. Nc3 Be6 $132 {Marin,M (2545)-Nisipeanu,L (2610)/Bucharest
1998/CBM 064/[Ribli] (1/2-1/2, 22)}) 8... a6 (8... Bxf2+ {leaves Black with
problems of coordination after} 9. Kf1 Ng4 10. Qd6 $44 {Greenfeld,A (2530)
-Yemelin,V (2485)/Beersheba 1998/EXT 99/[Yemelin,V] (1/2-1/2, 27)}) 9. Nd6+ Ke7
10. Nde4 Nxe4 11. Nxe4 Bb4+ 12. Kf1 $5 {ףb6, Bb4. Maybe this move is not
necessary, but after having left the f2-pawn undefended, giving up the right
to castle seems like a minor concession for the sake of leaving the early
developed enemy pieces vulnerable.} (12. Bd2 Bxd2+ 13. Qxd2 Qb4 {left Black
with a passive but solid position in Lautier,J (2645)-Izeta Txabarri,F (2505)/
Madrid 1993/CBM 036/[Ribli] (1/2-1/2, 36)}) 12... d5 $1 {The correct reaction.}
(12... d6 $6 {leaves Black uncoordinated after} 13. Be3 Qd8 14. Qc2 $16 {
Marin,M (2548)-Sion Castro,M (2425)/Benasque 1999/CBM 072/[Marin,M] (1-0, 37)})
13. cxd5 Rd8 14. Be3 Qb5 15. Nc3 Bxc3 16. bxc3 exd5 17. Rb1 (17. h4 $5 {
[%cal Gh4h5,Gh1h4,Yh4a4,Ya4h4]} h5 18. Bf3 $14) 17... Qc4 18. Qd3 Qxd3 19. Bc5+
Kf6 20. exd3 b5 21. Ke2 {1/2-1/2 Marin,M (2551)-Gashimov,V (2664)/Reggio
Emilia 2008/ CBM 122}) 8. Bf4 {A move designed by the inexhaustible Korchnoi.}
Nfg4 9. Qa4 $5 $146 {An interesting novelty, quite similar to 8.Bg2 from the
line above.} ({Korchnoi's initial move} 9. e3 {is best met by} a6 $1 {
introduced into practice by... Leko!} (9... g5 $6 10. Bxg5 $1 {Marin,M (2545)
-Komljenovic,D (2460)/Andorra 1997/CBM 058 ext/[Bulletin] (1-0, 33)}) (9... Qc6
$6 10. h3 $1 {Kortschnoj,V (2635)-Greenfeld,A (2570)/Beersheba 1995/CBM 051/
[Cifuentes] (1-0, 43)}) 10. Nc7+ Qxc7 11. Qxg4 $13 {Anand,V (2725)-Leko,P 
(2625)/Wijk aan Zee 1996/CBM 051/[Ribli] (1-0, 54)}) 9... g5 {Played after 80
minutes of thought. Black accepts to play a hedgehog type of position, where
he will have the pair of bishops to compensate for the early kingside
commitment and the slight delay in development.} ({Over the board, it must not
have been easy to evaluate the consequences of} 9... Qxf2+ 10. Kd2 {and, I
must admit, it is not much easier to do it at the analysis desk.} Qc5 {[%csl
Gc4] might be relatively best.} (10... Nf3+ $6 11. Kc1 {Apparently the best
square, out of the reach of the knights.} Nfxh2 12. Ne4 Qe1+ 13. Kc2 Qxa1 14.
Bg2 $16) (10... Qb6 11. h3 {leaves the knights unstable.} g5 12. Bxg5 f6 13.
Bf4 {Black has given up a pawn for the sake of consolidating the e5-knight.}
Nf2 {Risky, but otherwise Black is just worse.} 14. Rh2 {[%csl Yc7][%cal Gh2f2]
/\Rxf2} Bc5 15. Kc2 $5 (15. b4 Be3+ $1 16. Kc2 Nxc4 17. Rxf2 Bxf2 18. Nc7+ Kf7
19. Nxa8 Qd4 {is not entirely clear, as White's extra-piece does not make
itself felt.}) {But now, the threat of b4 is real and} 15... a5 $6 {is
strongly met by} 16. e3 $1 Bxe3 17. Nc7+ $1 Qxc7 18. Bxe3 $16) 11. Ne4 $1 Qc6 (
11... Nxc4+ $2 12. Kc3 $1 $18) 12. c5 $44 {[%csl Gd6]}) 10. Bxe5 (10. Bxg5 f6
11. Bf4 Nxf2 $1) 10... Nxe5 11. O-O-O {White has to protect the b2-pawn with
his king, but in the long run this will offer Black chances for counterplay.} (
{The attempt to castle short fails to} 11. Bg2 $6 a6 12. O-O $2 Rb8 {[%csl Gb2]
}) 11... a6 12. e3 Rb8 13. Nd4 Qc7 (13... Qb4 14. Qc2 Nxc4 $6 15. a3 Qc5 $2 (
15... Nxa3 $14) 16. Ne4 Qc7 17. Bxc4 d5 18. Bb5+ $1 Kd8 19. Be2 $18) 14. Be2
Be7 15. Kb1 (15. f4 {has been recommended by several commentators, but after
the calm retreat} Nc6 {the position does not differ too much from what we will
see in the game. The early advance of the pawn to f4 leaves White slightly
over-extended.}) 15... Nc6 {The critical position of the game. As an
experienced English Hedgehog player, I do not find Black's position as bad as
it might look at first sight. In fact, if his g-pawn were on its initial
position, I would prefer playing with the black pieces. White's advance in
development is not easy to convert into something concrete because the absence
of his dark-squared bishop would make the position double-edged in the event
of an early attacking operation. Besides, the black king feels safe, being
covered by a strong shield of pawns.} 16. Rc1 {[%cal Gc3d5] /\Nd5. The slow
regrouping initiated by this move will allow Black to improve his kingside
position.} (16. Rd2 {would to a certain extent be similar to Aronian's rook
regrouping from his game against Topalov, in the same tournament.} h5 (16...
Qe5 {is also possible, because after} 17. h4 gxh4 18. Nf3 {Black has} Qf5+ 19.
e4 Qc5 {[%csl Gf2]}) 17. Qd1 h4 (17... g4 18. h3 $14) 18. Nf3 (18. Ne4 Qe5 $1 {
and White has not the time to take on c6 and play Nd6+.}) 18... b6 19. Ne4 g4
20. Nxh4 Bb7 $44 {[%csl Gh4][%cal Gb7h1]} (20... f5 21. Ng6 Rh6 22. Nxe7 Kxe7
23. Nd6 $16)) ({It looks natural to try opening the kingside with} 16. h4 gxh4
17. gxh4 {but this would just weaken the dark squares allowing Black to obtain
powerful counterplay with} Nxd4 $1 18. Rxd4 ({After the previous structural
modifications,} 18. exd4 {weakens the f4-square.} Qf4 $132) 18... Bf6 19. Rg4
h5 20. Rg3 Qc6 21. Qd1 Ke7 $132 {[%cal Gb7b5]}) ({I would prefer} 16. Qc2 $5 {
[%csl Gh7][%cal Gc3d5] , removing the queen from a generally exposed and not
really active square and increasing the control over the centre. In certain
lines, the h7-pawn would be under pressure. Besides, this move also threatens
Nd5. Generally, the move just aims to establish the harmony between White's
pieces, after which he can decide to embark either of the plans mentioned
above, according to the circumstances.} Nxd4 (16... Ne5 17. b3 h5 18. h3 $14 {
[%cal Gf2f4]}) (16... Nb4 17. Qd2 $14) (16... Qe5 17. h4 $5 gxh4 18. gxh4 {
With the own queen obstructing the long diagonal, Black cannot get counterplay
so easily now after} Nxd4 19. Rxd4 b6 20. Rhd1 $14 {[%cal Gc3e4]}) (16... Qa5 {
releases the pressure against the f4-square and can be met by} 17. f4 {, for
instance} Nxd4 18. exd4 b5 19. cxb5 axb5 20. Bxb5 Bb4 21. a4 $14) 17. exd4 b5
$5 18. cxb5 axb5 19. Bxb5 Bb4 (19... O-O 20. Rhe1 Bb4 21. Re3) 20. Rd3 O-O 21.
Rc1 $14) 16... Qe5 17. Rhd1 h5 $1 {After the recent game Kramnik-Carlsen, WaZ
2008, where the ex-World Champion was defeated by means of such a massive
advance of the kingside pawns, we can hardly call Leko's plan "original".
However, for Aronian it might have come as a surprise. Black has excellent
play already, although his queenside is still underdeveloped.} 18. Ka1 g4 19.
Bf1 f5 $6 {Not necessary yet (or maybe at all), but ...f5 was part of
Carlsen's plan, too...} (19... h4 $1 {[%cal Gh4g3,Gh8h2] would have put White
under immediate pressure.}) 20. Bg2 (20. h3 $5 h4 $5 21. hxg4 hxg3 22. gxf5
gxf2 23. fxe6 dxe6 24. Nxc6 bxc6 25. Qxc6+ Kf7 26. Rd2 Qxe3 27. Rcc2 Qe1+ 28.
Nb1 Rh2 29. Qf3+ Bf6 30. Rxf2 Rxf2 31. Rxf2 Qe5 $44 {Black's superior activity
and his pair of bishops entitle him to hope for a draw.}) 20... Kf7 (20... h4
$1) 21. h3 $1 {Now, it will be up to White to decide when to open the h-file.}
Bf6 (21... h4 $6 {does not work out so well now because of} 22. hxg4 hxg3 23.
gxf5 gxf2 24. fxe6+ dxe6 25. Bxc6 $1 $18) 22. Qc2 Ne7 23. Nce2 b5 $5 {A
courageous pawn sacrifice, aiming to exchange White's last remaining central
pawn and open files on the queenside.} ({I do not see any special worries for
Black after the more restrained} 23... b6) 24. cxb5 axb5 25. Nf4 d5 26. Qc5 Rb7
27. Qb4 Bd7 28. Nd3 Qb8 29. Nc5 Qd6 30. Qa5 Rc7 31. Nxd7 Rxd7 (31... Rxc1+ 32.
Rxc1 Qxd7 33. Nxb5 h4 $5 $132) 32. hxg4 (32. Nxb5 $5) 32... hxg4 (32... Bxd4 $5
33. exd4 hxg4 34. Qxb5 $140 Rh2 $132) 33. Bf1 b4 34. Nb5 Qe5 35. Qxb4 Ra8 36.
Rd2 Qb8 37. Kb1 Be5 38. Rdc2 Rda7 39. a3 Ra4 40. Qb3 Qb6 41. Rc5 R4a5 42. Be2
Rb8 43. Qb4 Kf6 44. R1c2 Rh8 45. e4 fxe4 46. Bxg4 Rha8 {Instead of this
mechanical concentration of forces on the queenside, Black could have struck
from the other side, too:} (46... Rh1+ 47. Ka2 (47. Rc1 $2 Rxc1+ 48. Kxc1 Nc6
$19) 47... Bd6 48. Qc3+ Be5 49. Qb3 Rh2 $44) 47. Rc1 (47. f4 $5 {was the last
chance to keep Black under some pressure.}) 47... Ra4 48. Qd2 Rxa3 49. Nxa3
Rxa3 50. Rc6 Nxc6 51. Qh6+ 1/2-1/2

[Event "World-ch Tournament"]
[Site "Mexico City"]
[Date "2007.09.16"]
[Round "4"]
[White "Aronian, Levon"]
[Black "Leko, Peter"]
[Result "1-0"]
[WhiteElo "2750"]
[BlackElo "2751"]
[Annotator "Marin,M"]
[PlyCount "89"]
[EventDate "2007.09.13"]
[EventType "tourn"]
[EventRounds "14"]
[EventCountry "MEX"]
[EventCategory "21"]
[SourceTitle "CBM 120"]
[Source "ChessBase"]
[SourceDate "2007.10.02"]
[SourceVersion "1"]
[SourceVersionDate "2007.10.02"]
[SourceQuality "1"]

1. c4 c5 2. Nf3 Nf6 3. d4 cxd4 4. Nxd4 e6 5. Nc3 Nc6 6. a3 $5 {This move was
popularized by the eternally young Viktor Kortschnoj. White aims for a
Hedgehog structure. The move a3 could prove a loss of time at a later stage,
but the c6-knight is also far from optimally placed for the aforementioned
structure. Esta jugada fue popularizada por el eternamente joven Viktor
Kortschnoj. Las blancas aspiran a obtener una estructura de erizo. Aunque la
jugada a3 puede resultar como una pérdida de tiempo para mas tarde, el caballo
de c6 tampoco está situado do forma óptima para dicha estructura.} Be7 7. e4
O-O 8. Nf3 {Necessary prophylaxis.} ({In case of the normal developing move} 8.
Be2 {, Black equalizes with} d5 $1 $11 {Bagirov,V (2485)-Schlosser,P (2485)/
Brno 1991/CBM 026/[Ribli] (1/2-1/2, 17)}) 8... d6 9. Be2 b6 10. O-O Bb7 11. Bf4
{This move is supposed to cause Black some problems with his regrouping.} Ne5 {
This was suggested by Kortschnoj. However, Black has other ways of
re-arranging his knights.} (11... Ng4 12. Nd2 Nge5 13. Be3 Bf6 14. Rc1 g5 {
This would be a very good plan if the queen's knight were better placed (say,
on g6).} 15. b4 Kh8 (15... Qe7 {[%cal Re5g6,Gf6e5]} 16. c5 $5 $36) 16. Nb3 Ne7
$6 17. Qd2 Rg8 18. Rfd1 $16 {Nester,I (2417)-Nikolaev,Y (2110)/St Petersburg
2006 (1-0, 31)}) (11... Rc8 12. Re1 (12. Rc1 {Cheparinov,I (2572)-Karjakin,S 
(2599)/Wijk aan Zee 2005/CBM 105/[Ribli] (0-1, 43)}) 12... Ng4 $5 (12... a6 {
Kortschnoj,V-Ponomariov,R/Donetsk (m/2) 80/30 2001/[Kortschnoj,V] (1-0, 117)})
13. Nd2 Nge5 14. Be3 Nd7 15. Rc1 Nf6 {Apparently, Black has only lost time
with his knight, but the retreat of White's minor pieces (Nd2, Be3) can hardly
be considered an achievement.} 16. Qa4 a6 17. Red1 Nb8 18. b4 Nbd7 {Finally,
Black's knights stand the way they are supposed to in the Hedgehog.} 19. Qb3
Qc7 20. f3 Rfe8 21. Nf1 Qb8 22. Kh1 Bd8 $13 {Gavrikov,V (2581)-Lazarev,V (2477)
/Switzerland 2002/EXT 2003 (1-0, 44)}) 12. Nd2 Ng6 ({Not a bad square for the
knight, but} 12... Ned7 {should also be considered.} 13. Re1 a6 (13... Nc5 14.
Bf1 d5 15. e5 Nfe4 $13 {was suggested by Kortschnoj.}) 14. Rc1 Rc8 $13 {
[%cal Yd8c7,Yf8e8,Yc7b8] with a normal Hedgehog position.}) 13. Bg3 Rc8 $146 (
13... d5 $6 {is probably premature.} 14. cxd5 (14. exd5 $6 exd5 15. Bf3 Qd7 $11
16. cxd5 Nxd5 17. Nc4 Rfd8 18. Nxd5 {1/2-1/2 Roeder,M (2404)-Ninov,N (2486)/
Cutro 2005/CBM 106 ext}) 14... exd5 15. e5 Ne4 (15... Nd7 16. Nf3 Nc5 17. Nd4
$14) 16. Ncxe4 dxe4 17. Nc4 $14 {[%cal Yc4d6]}) 14. Re1 a6 15. Rc1 Qc7 16. b4 {
Both sides have carried out their plans in a consequent way. Black's queen's
knight occupies a "typical" square for this kind of position, while the
a3-pawn proves useful by sustaining his colleague on b4 for the eventuality of
a central break (...d5). We shall now see a long phase of slow manoeuvring.
Ambas partes han llevado a cabo su plan de forma consecuente. El caballo negro
se encuentra en una casilla "típica" para este tipo de posiciones, mientras
que el peón de a3 resulta útil por defender a su colega de b4 para el caso de
una eventual ruptura central (...d5). A continuación, seguírá una larga fase
de maniobras lentas.} Qb8 17. Bf1 Rfd8 18. Qe2 Nd7 19. Qe3 h6 20. Nf3 {
Overcautious.} (20. f4 {would have shortened the way to the position arising 6
moves later.}) 20... Ba8 21. Red1 Nde5 22. Nd2 Ng4 23. Qe2 N4e5 24. f4 Nd7 25.
Nf3 Bf6 26. Qe3 {White's queen has been constantly avoiding the opposition
with the enemy rooks and the brutal attacks of the minor pieces. This did not
cause any concession on White's part, but also prevented him from making
significant progress. La dama blanca ha evitado constantemente laoposición con
las torres enemigas o los ataques brutales de las figuras menoras enemigas.
Esto no ha causado ningún tipo de concesión por parte de las blancas, pero
tampoco le ha permitido hacer progreso alguno.} Re8 27. Be1 ({For the moment,
De momento no valía} 27. e5 {was not possible because of por} dxe5 $1 28. Rxd7
exf4 {winning back the piece recuperando pieza.}) (27. Bf2 {offers Black the
additional possibility of} Bxc3 $5 (27... Rcd8 {, as recommended after the
game conntinuation, is entirely playable, too.}) 28. Rxc3 Nf6 29. Nd2 b5 $132)
27... Bd8 $2 (27... Bxc3 $2 {is pointless now because of} 28. Bxc3 $16) ({
Playing with fire. Jugando con el fuego.} 27... Rcd8 $13 {would have
maintained the previous stage of the issue. hubiera mantenido el estado
anterior del asunto.}) 28. e5 $1 dxe5 29. Rxd7 exf4 30. Qe2 $16 {It is hard to
say whether Leko overestimated his position, or he simply overlooked that,
after the bishop retreat to e1, e5 had become a serious threat. The latter
looks more plausible, because it is not really his style to gamble this way.}
e5 31. Ne4 Be7 32. c5 $5 bxc5 33. bxc5 Bc6 (33... Bxe4 34. Qxe4 Bxc5+ 35. Kh1
Bxa3 36. Bc4 $18) 34. Rdd1 {Black has no adequate compensation for the
sacrificed piece. Las negras no tienen compensación adecuada por la figura
entregada.} Bb5 35. Qb2 Qa7 36. Bxb5 axb5 37. Bf2 Qa8 38. Nd6 e4 39. Nxe8 Rxe8
40. Nd4 Bf6 41. c6 e3 42. Be1 f3 43. gxf3 Nf4 44. Bg3 Ne6 45. Qb4 1-0